00514nmm a2200145Ia 4500008004100000041000800041100003100049245008200080264005800162300001800220650001600238700003100254700003200285856005100317251105s9999||||xx |||||||||||||||||und|| aspa aGonzález Quiroga, Arturo 0aCasos de estudio de termodinámica. Solución mediante el uso de ASPENHYSYS a[Bogotá, Colombia] :bUniversidad del Norte, c2014 a124 páginas aEngineering aGonzález Quiroga, Arturo1 a Acuña Garrido, Francisco uhttps://public.digitaliapublishing.com/a/37561